| 000 | 00799nam a2200241 i 4500 | ||
|---|---|---|---|
| 001 | bgj | ||
| 245 | 0 | 0 |
_aAlternative publications : _ba guide to directories, indexes, bibliographies and other sources / _cedited by Cathy Seitz Whitaker. |
| 260 |
_aJefferson, NC : _bMcFarland & Company, Inc. Publishers, _ccop. 1990 _aLondon. |
||
| 300 |
_a90 pp ; _c22 cm. |
||
| 504 | _aIncludes bibliographical references and index. | ||
| 650 | 9 | _aReference books | |
| 650 | 9 |
_aLibraries _xSpecial collections |
|
| 655 | _aBibliography | ||
| 655 | _aUnderground press publications | ||
| 655 | _aLittle press books | ||
| 700 | 1 | _aWhitaker, Cathy Seitz | |
| 020 | _a0899594841 | ||
| 040 | _cBPK | ||
| 041 | _aeng | ||
| 920 | _a0-89959-484-1 | ||
| 942 | _cKS | ||
| 008 | s uk f |000 0 eng | ||
| 999 |
_c47693 _d47693 |
||
| 856 |
_uhttp://koha.tu.koszalin.pl/cgi-bin/koha/opac-detail.pl?biblionumber=47693 _yKatalog online BPK |
||